000 01545nam a2200229Ia 4500
003 OSt
005 20210427105418.0
008 210310s1961 eu gr 100 0 eng d
040 _aCO-JMCR
_cCO-JMCR
041 0 _aeng
082 0 4 _a336.01 /
_bC748p
_223
111 2 _aA Conference of the Universities-National Bureau Committee for Economic Research
_937176
245 1 0 _aPublic Finances :
_bneeds, sources, and Utilization /
_cA Conference of the Universities-National Bureau Committee for Economic Research
260 _aNew York :
_bPrinceton University Press,
_c1961
300 _bxiii, 512 páginas ;
_c24 cm.
490 0 _aOficina Nacional de Investigación Económica.
_aSerie de conferencias especiales ;
_v12
500 _aIncluye notas a pie de página e índice de autores.
505 0 _aFinancial needs and resources over the next decade: at all levels of governmente -- Financial needs and resources over the next decade: state and local governments -- An economic theory of fiscal decentralization -- Approaches to fiscal theory of political federalism -- Practical solutions to financial problems created by the multilevel political structure -- Metropolitan finance problems: territories, functions, and growth -- Decision-Making in taxation and expenditures -- Evaluating alternative expenditure programs -- Defense planning and organization -- User prices vs. taxes -- Asurvey of the theory of public expenditure criteria
650 1 4 _aToma de decisiones
_915309
650 1 4 _aFinanzas públicas
_937177
942 _2ddc
_cBK
999 _c7737
_d7737